000 00499nam a2200205Ia 4500
008 160803s9999 xx 000 0 und d
020 _a0 590447351
100 _aBridwell, Norman
245 _aClifford's Bathtime /
245 _cNorman Bridwell.
260 _aNew York :
260 _bScholastic Inc.
260 _c1991
300 _a1 v. (unpaged) :
300 _bcolor illustrations ;
300 _c14 cm.
650 _aDogs --
650 _xJuvenile fiction.
700 _a220
999 _c299398
_d299398